MORE GHOST STORIESOF AN ANTIQUARY (Record no. 3370)
[ view plain ]
| 000 -LEADER | |
|---|---|
| fixed length control field | 00344nam a22001457a 4500 |
| 020 ## - INTERNATIONAL STANDARD BOOK NUMBER | |
| ISBN | 978-81-8477-419-1 |
| 082 ## - DEWEY DECIMAL CLASSIFICATION NUMBER | |
| Classification number | 823 |
| Item number | JAM/M |
| 100 ## - MAIN ENTRY--AUTHOR NAME | |
| Personal name | JAMES, M R |
| 245 ## - TITLE STATEMENT | |
| Title | MORE GHOST STORIESOF AN ANTIQUARY |
| 250 ## - EDITION STATEMENT | |
| Edition statement | FIRST EDITION |
| 260 ## - PUBLICATION, DISTRIBUTION, ETC. (IMPRINT) | |
| Place of publication | NEW YORK |
| Name of publisher | SCHOLASTIC INC |
| Year of publication | 2011 |
| 300 ## - PHYSICAL DESCRIPTION | |
| Number of Pages | 112 |
| 650 ## - SUBJECT ADDED ENTRY--TOPICAL TERM | |
| Topical Term | NOVEL |
| Geographic subdivision | UNITED STATES |
| 942 ## - ADDED ENTRY ELEMENTS (KOHA) | |
| Koha item type | Books |
| Withdrawn status | Lost status | Collection code | Home library | Current library | Shelving location | Date acquired | Source of acquisition | Cost, normal purchase price | Full call number | Accession Number | Koha item type |
|---|---|---|---|---|---|---|---|---|---|---|---|
| Fiction | Main Library | Main Library | SHELF-14G- ALPHABETICAL J,K,L --ENGLISH NOVELS & FICTIONS | 03/12/2013 | purchase | 150.00 | 823 JAM/M | 07617 | Books |